| 000 | 01132nam a2200325 u 4500 | ||
|---|---|---|---|
| 005 | 20160513104107.0 | ||
| 008 | 140228t2002 -usd|||| |||| 001 0 eng d | ||
| 020 | _a0072283637 | ||
| 040 |
_aCO-BoIAVH _cCO-BoIAVH |
||
| 041 | 0 | _aeng | |
| 044 | _axxu | ||
| 082 | 0 | 4 |
_a005.74011 _bS58d |
| 100 | 1 |
_aSilberschatz, Abraham _eautor |
|
| 245 | 1 | 0 |
_aDatabase system concepts / _cAbraham Silberschatz, Henry F. Korth y S. Sudarshan |
| 250 | _aCuarta edición | ||
| 260 |
_aBostón : _bMcGraw-Hill, _c2002. |
||
| 300 |
_a1064 páginas : _btablas ; _c24 x 19 centímetros |
||
| 500 | _aIncluye índice. | ||
| 504 | _aIncluye referencias bibliográficas: páginas 1007-1042. | ||
| 650 | 1 | 6 |
_aBases de datos _xsistemas |
| 650 | 2 | 6 |
_aBases de datos _xsistemas _xarquitectura |
| 650 | 2 | 4 | _aModelos de datos |
| 650 | 2 | 4 | _aBases de datos relacionales |
| 650 | 2 | 4 | _aBases de datos orientadas a objetos |
| 650 | 2 | 4 |
_aDatos _xconsulta |
| 650 | 2 | 4 |
_aDatos _xalmacenamiento |
| 700 | 1 |
_aKorth, Henry F. _eautor |
|
| 700 |
_aSudarshan, S. _eautor |
||
| 942 |
_cLIBRO _2ddc |
||
| 999 |
_c2894 _d2894 |
||